000 nam a22 a 4500
999 _c4347
_d4347
003 AKMAL
005 20170529095249.0
008 170529t1999 cc e 001 0 eng d
020 _a071728560X (hbk.)
040 _aAKMAL
082 0 4 _a004.678 JON
_222
090 0 0 _a004.678
_bJON
100 1 _aJones, Graham, 1956-
_98470
245 1 0 _aUsing the Internet :
_bhow to get started and find what you want for business, education and pleasure /
_c[Graham Jones].
250 _aDeluxe Ed.
260 _aHong Kong :
_bGrolier Intl.Inc.,
_cc1999
300 _a120p. ;
_c24cm.
490 1 _aGrolier business library
504 _aIncludes bibliographical references and index
650 1 0 _aInternet (Computer network)
_9652
830 0 _aGrolier business library
_98353
942 _2ddc
_cBOOK
950 _lAKMAL